000 00701nam a2200193 i 4500
001 136884
003 ES-MaACL
005 20250818054521.0
007 t|
008 070214s1908 sp |||| | spa d
100 1 _aSaid Armesto, Víctor,
_d1871-1914
_9101488
245 1 3 _aLa leyenda de Don Juan
_b: orígenes poéticos de El burlador de Sevilla y Convidado de piedra /
_cVíctor Said Armesto.
260 _aMadrid :
_b[s.n.],
_c1908 (
_fSuc. de Hernando)
300 _a301 p. ;
_c19 cm.
600 1 4 _aMolina, Tirso de,
_d1579-1648.
_tEl burlador de Sevilla
_981909
650 7 _aDon Juan (Personaje de ficción)
_2embne
_911966
852 _aES-MaACL
_jD-2496
999 _c136884
_d136884